000 00318nam a22001457a 4500
008 210323b ||||| |||| 00| 0 eng d
020 _a9780714866772
041 _aeng
080 _a7
082 _a7
100 _a44
101 _aART
245 _aThe Photobook: A History volume III
_cParr,M
942 _2udc
_cBK
999 _c56688
_d56688